书目信息 |
| 题名: |
药物分析
|
|
| 作者: | 梁述忠 , 王炳强 主编 | |
| 分册: | ||
| 出版信息: | 北京 化学工业出版社 2004 |
|
| 页数: | 232页 | |
| 开本: | 26cm | |
| 丛书名: | ||
| 单 册: | ||
| 中图分类: | R917 | |
| 科图分类: | ||
| 主题词: | 药物分析--高等教育--教材 , 药物分析 | |
| 电子资源: | ||
| ISBN: | 7-5025-5000-3 | |
| 000 | 00909nam0 2200253 450 | |
| 001 | 070730001134 | |
| 005 | 20071015150340.60 | |
| 010 | @a7-5025-5000-3@dCNY24.00 | |
| 100 | @a20040820d2004 em y0chiy0110 ea | |
| 101 | 0 | @achi |
| 102 | @aCN@b110000 | |
| 105 | @ay z 000yy | |
| 200 | 1 | @a药物分析@Ayao wu fen xi@f梁述忠,王炳强主编 |
| 210 | @a北京@c化学工业出版社@d2004 | |
| 215 | @a232页@d26cm | |
| 300 | @a教育部高职高专规划教材 高职高专工业分析专业教材 | |
| 330 | @a本教材理论部分介绍了药品质量控制的标准和基本要求,阐述了常用的结构已经明确的化学药物、天然药物、抗生素及其制剂的真伪鉴别、纯度检查及含量测定的原理及方法;实训部分介绍了药物分析常用的实验操作技术。 | |
| 606 | 0 | @a药物分析@x高等教育@j教材 |
| 606 | 0 | @a药物分析 |
| 690 | @aR917@v4 | |
| 701 | 0 | @a梁述忠@Aliang shu zhong@4主编 |
| 701 | 0 | @a王炳强@Awang bing qiang@c(药物分析)@4主编 |
| 801 | 0 | @aCN@c20071015 |
| 905 | @dR917@eL410 | |
| 药物分析/梁述忠,王炳强主编.-北京:化学工业出版社,2004 |
| 232页;26cm |
| 教育部高职高专规划教材 高职高专工业分析专业教材 |
| ISBN 7-5025-5000-3:CNY24.00 |
| 本教材理论部分介绍了药品质量控制的标准和基本要求,阐述了常用的结构已经明确的化学药物、天然药物、抗生素及其制剂的真伪鉴别、纯度检查及含量测定的原理及方法;实训部分介绍了药物分析常用的实验操作技术。 |
| ● |
| 相关链接 |
|
|
|
正题名:药物分析
索取号:R917/L410
 
预约/预借
| 序号 | 登录号 | 条形码 | 馆藏地/架位号 | 状态 | 备注 |
| 1 | 652576 | 206525768 | 自科库401/401自科库 22排4列1层/ [索取号:R917/L410] | 在馆 | |
| 2 | 652577 | 206525777 | 自科库401/401自科库 22排4列1层/ [索取号:R917/L410] | 在馆 |